000 00389nam a2200157Ia 4500
008 160316s1992 xxu||||| |||| 00| 0 eng d
082 _a344.046000
_bGRA
100 _aGrad Frank P
245 _aEnvironmental law 1992 (supplement)
250 _a3rd
260 _aNewyork
_bMathew Bender
_c1992
300 _a145p
_b
_c
365 _bGratis
650 _a1.Environmental Law
700 _a
_a
999 _c5722
_d5722